| 000 | 01491nam a22003017a 4500 | ||
|---|---|---|---|
| 005 | 20100802144559.0 | ||
| 010 | _aENG-97576 B-437365-366 | ||
| 020 |
_a9788180386268 _c495.00 |
||
| 035 | _aEN-81109 B-437365-366 | ||
| 037 | _bDBAD/PUB | ||
| 037 | _bAllied Pub/Ven | ||
| 082 | _a346.03 | ||
| 100 |
_aRanchhoddas, Ratanlal _928775 |
||
| 245 |
_aThe law of torts / _cby Ratanlal Ranchhoddas [and] Dhirajlal Keshavlal Thakore |
||
| 250 | _a26th ed. | ||
| 260 |
_aGurgaon _bLexisNexis Butterworths Wadhwa _c2010 |
||
| 270 |
_a14th Floor, Building No. 10, Tower-B, DLF Cyber City, Phase-II _bGurgaon _e122002 |
||
| 300 |
_aclxxix,963p. _c21cm (pbk) |
||
| 500 | _aIncludes index | ||
| 650 |
_aTorts _928776 |
||
| 650 |
_aLaw _928777 |
||
| 700 |
_aThakore, Dhirajlal Keshavlal _94327 |
||
| 942 |
_2ddc _cEN _h346.03 _mRAN |
||
| 999 |
_c38701 _d38701 |
||